000 003720000a22001090004500
090 _aAS
_bSeriadas
245 1 0 _aNueva especie y registos de Uredinales de Colombia
041 0 _aEspañol
100 1 _aPardo Cardona, Víctor Manuel
_999084
942 _cARTICULO
773 1 _tRevista de la Academia Colombiana de Ciencias Exactas, Fisicas y Naturales
_332
_h92
_q371-381
_d2000
_g24
999 _c14250
_d14250